Normal view
MARC view
- Nelson, E. W
Entry Personal Name
001 - CONTROL NUMBER
- control field: 40675
003 - CONTROL NUMBER IDENTIFIER
- control field: NUST
005 - DATE AND TIME OF LATEST TRANSACTION
- control field: 20210314131839.0
008 - FIXED-LENGTH DATA ELEMENTS
- fixed length control field: 210314|| aca||aabn | a|a d
040 ## - CATALOGING SOURCE
- Original cataloging agency: NUST
- Transcribing agency: NUST
100 ## - HEADING--PERSONAL NAME
- Personal name: Nelson, E. W
670 ## - SOURCE DATA FOUND
- Source citation: Work cat.: (NUST): McLean, W. G. 40674, Schaum's outline of theory and problems of engineering mechanics :, c1952.
